Palloni d'Oro della Bundesliga - Statistics

Statistiche generali
  • Questo quiz è stato fatto 31 volte
  • Il punteggio medio è 6 su 9
Statistiche sulle risposte
Edizione Nazione Calciatore % Corretto
1972 Germania Ovest Franz Beckenbauer
96%
1976 Germania Ovest Franz Beckenbauer
96%
1970 Germania Ovest Gerd Müller
96%
1980 Germania Ovest Karl-Heinz Rummenigge
77%
1981 Germania Ovest Karl-Heinz Rummenigge
77%
1996 Germania Matthias Sammer
62%
1978 Inghilterra Kevin Keegan
42%
1979 Inghilterra Kevin Keegan
42%
1977 Borussia Mönchengladbach Allan Simonsen
19%
Nessun quiz corrispondente trovato
Distribuzione punteggi
Percentuale di utenti per punteggio
Percentile per numero di risposta
I tuoi punteggi nel tempo
Non hai fatto questo quiz